000 00708cam a2200253 a 4500
001 2368932
005 20250712102453.0
008 840808s1984 txu 000 0 eng
020 _a0849904641
020 _a0849929911
_q(pbk.)
020 _z9781418569075
_q(epub)
020 _a9780849904646
020 _a9780849929915
050 0 0 _aBT77
_b.G78 1984
082 0 0 _a230
_219
100 1 _aGraham, Billy,
_d1918-2018.
245 1 0 _aPeace with God /
_cBilly Graham.
250 _aRev. and expanded.
260 _aWaco, Tex. :
_bWord Books,
_cc1984.
300 _a220 p. ;
_c22 cm.
650 0 _aTheology, Doctrinal
_vPopular works.
650 0 _aChristian life
_xBaptist authors.
942 _2lcc
_cBK
_n0
999 _c6927
_d6927